书目信息 |
| 书名: | Proof in Geometry | |
| 作者: | Translated from the Russian. | |
| 分册号: | ||
| 分册名: | 出版地: | Moscow : |
|
| 出版社: | Mir Publishers | |
| 出版时间: | 1988. | |
| 页数: | 61 p. ; | |
| 开本: | 20cm. | |
| 丛书名: | ||
| 中图分类号: | ||
| 科图分类号: | ||
| 其他分类号: | H31:O18 | |
| 主题词: | ||
| 电子资源: | ||
| 000 | 00358nam 2200133 a 4500 | |
| 001 | E0735998204 | |
| 005 | 20070228100143.43 | |
| 008 | 070228s1988 00010 eng | |
| 040 | @aPFT@beng | |
| 090 | @aH31:O18 | |
| 099 | @dH31:O18@ex22 | |
| 245 | @aProof in Geometry / @cTranslated from the Russian. | |
| 260 | @aMoscow :@bMir Publishers,@c1988. | |
| 300 | @a61 p. ;@c20cm. | |
| Proof in Geometry / / Translated from the Russian.-Moscow : : Mir Publishers, , 1988. |
| 61 p. ; ; 20cm. |
| ISBN |
| ● |
| 相关链接 |
|
|
|
|
正题名:Proof in Geometry
索取号:H31:O18/x22
 
预约/预借
| 序号 | 登录号 | 条形码 | 馆藏地/架位号 | 状态 | 备注 |
| 1 | 13158 | 000453967 | 第四借阅区/ [索取号:H31:O18/x22] | 在馆 |